Statistics for Name That Animal!

Click here to take the quiz!

General Stats

  • This quiz has been taken 57 times
  • The average score is 8 of 16

Answer Stats

Answer% Correct
Jellyfish
87%
Eagle
85%
Polar Bear
77%
Wasp
77%
Ostrich
69%
Donkey
62%
Otter
62%
Pufferfish
62%
Wombat
62%
Sloth Bear
41%
Whale Shark
36%
Wild Boar
36%
Plankton
23%
Tokay Gecko
13%
Slow worm
10%
Painted Wolf
3%

Score Distribution

Percentile by Number Answered

Percent of People with Each Score

Your Score History

You have not taken this quiz